00968cam a22002771a 450000100060000000300080000600500170001400800390003103500190007003500200008904000520010904100080016108200200016910000350018924500510022426000430027530000210031850000930033950400200043265000180045265000330047065000200050394200120052399900170053595201380055230540BD-RjUL20211209051559.0140410r1958 nyu 001 0 eng a(BD-RjUL)30626 a(OCoLC)18362937 aDLCcMoSUdODaWUdOCoLCdIPBdDLCdBD-RjULbeng aeng a160.4bDEE 19581 aDewey, John,d1859-1952.9275210aEssays in experimental logic /cby John Dewey. aNew York :bDover Publications,c1958. a444 p. ;c22 cm. a"Unabridged edition of the first edition originally published by University of Chicago." aIncludes index. 0aLogic.992781 0aThought and thinking.992782 0aRealism.992783 2ddccBK c30540d30540 00102ddc40718NFICaRUCLbRUCLcReadingd1963-03-09eZitlingerg14.00l0o160.4 DEE 1958r2014-04-10 00:00:00tC-1w2014-04-10yBK